Juan Noe: un testimonio familiar sobre su vida y obra

Saved in:
Bibliographic Details
Main Author: Noe Pizzo, Adriana (autora)
Format: Book
Language:Spanish
Published: Santiago Universidad de Chile 1987
Subjects:
Tags: Add Tag
No Tags, Be the first to tag this record!

MARC

LEADER 00000nam a2200000 a 4500
001 UCY8245
003 CL-VaPUC
008 950703e19870000CL |||||||||||||||||spa|d
082 0 4 |a 925  |b NOE  |2 21 
100 |a Noe Pizzo, Adriana  |e autora  |9 339488 
245 1 0 |a Juan Noe: un testimonio familiar sobre su vida y obra 
300 |a 203 p 
942 |c BK 
945 |d 19950703 00:00:00  |a rbrito 
260 |a Santiago  |b Universidad de Chile  |c 1987 
600 0 7 |a NOE, JUAN  |2 CL-VaPUC  |9 339489 
650 0 |a Biografías  |9 255210 
650 0 |a Científicos   |9 262025 
583 |a last modification  |c 19950703 00:00:00  |k Rodrigo Vera 
999 |c 235520  |d 235518 
952 |0 0  |1 0  |4 0  |6 925_000000000000000_NOE_1987  |7 0  |8 A  |9 243009  |a BIBEDU  |b BIBEDU  |d 2019-11-18  |i 3096637  |o 925 NOE 1987  |p 3096637  |r 2019-11-18  |w 2019-11-18  |y BK  |k LIT